000 00855nam a22002177a 4500
005 20240214104625.0
010 _aENG-139229
020 _a9788119403783
_c2195.00
035 _a EN-122761
037 _bDBAD/PUB
082 _a346.5407
_23
100 _aRavichandran, K S
_962043
245 _aRelated Party TransactionUnder The Companies Act, 2013/
_cBy K S Ravichandran and Forword By A K Sikri
250 _a3
260 _bLexis Nexis
_aIndia
_c2019
270 _bGurgaon
_e122002
_a14th Floor , Building No 10, Tower-B, DLF Cyber City, phase -ll
_k+91 124 4774444
_l+91 124 4774100
_mhelp.in@lexisnexis.com
300 _axlix.961p.
_c25cm(hbk)
500 _aIncludes Comprehensive Coverage of Loans, Guarantees and Securities Key Managerial Personnel et al
700 _aSikri, A K
_962044
942 _2ddc
_cEN
_h346.5407
_mRAV
999 _c200726
_d200726